000 01018nam a2200253Ia 4500
999 _c36353
_d36353
001 2265
003 GE_BSU
005 20190506103107.0
008 181216s2010||||ge |||||||||||||| ||geo||
020 _a97899941023422
040 _cGE_BSU
041 _ageo
080 _a005.915+338.24 ბ–14
100 _aგადელია, დემურ
_9725
245 _aფინანსური მენეჯმენტი
_cდემურ გადელია ; რედ. : ლელა ბახტაძე.
264 _aთბილისი :
_bშპს "დარბეგის" სტ.,
_c2010.
300 _a475 გვ.;
_b22 სმ.
653 _aეკონომიკა
653 _aსაბიუჯეტო ბუღალტერია
653 _aფინანსური მენეჯმენტი
653 _aფინანსების მართვა
700 _aბახტაძე, ლელა
_eრედაქტორი
_9726
942 _cBK
_2udc